Merry Christmas, Splat / (Record no. 2927)

MARC details
000 -LEADER
fixed length control field 00920cam a2200289 a 4500
005 - DATE AND TIME OF LATEST TRANSACTION
control field 20240123164056.0
020 ## - INTERNATIONAL STANDARD BOOK NUMBER
International Standard Book Number 9780545279765
040 ## - CATALOGING SOURCE
Original cataloging agency DLC
Transcribing agency DLC
Modifying agency DLC
Language of cataloging eng
050 00 - LIBRARY OF CONGRESS CALL NUMBER
Classification number PZ7.S4334
Item number 2009
082 00 - DEWEY DECIMAL CLASSIFICATION NUMBER
Classification number 823.92
100 1# - MAIN ENTRY--PERSONAL NAME
Personal name Scotton, Rob
245 10 - TITLE STATEMENT
Title Merry Christmas, Splat /
Statement of responsibility, etc. Rob Scotton.
250 ## - EDITION STATEMENT
Edition statement First Scholastic printing , September 2010
260 ## - PUBLICATION, DISTRIBUTION, ETC.
Place of publication, distribution, etc. New York :
Name of publisher, distributor, etc. Scholastic ,
Date of publication, distribution, etc. 2009
300 ## - PHYSICAL DESCRIPTION
Extent 32 unnumbered pages :
Other physical details color illustrations ;
Dimensions 24 cm .
490 ## - SERIES STATEMENT
Series statement Splat the Cat
Volume/sequential designation Book 3
505 ## - FORMATTED CONTENTS NOTE
Formatted contents note M <br/>
520 ## - SUMMARY, ETC.
Summary, etc. Splat the cat is worried that he has not been good enough to deserve a visit and a present from Santa Claus.
521 1# - TARGET AUDIENCE NOTE
Target audience note 540 <br/>
Source Lexile <br/>
521 1# - TARGET AUDIENCE NOTE
Target audience note M <br/>
Source Raz-Plus <br/>
650 #1 - SUBJECT ADDED ENTRY--TOPICAL TERM
Topical term or geographic name entry element Cats
Form subdivision Fiction.
650 #1 - SUBJECT ADDED ENTRY--TOPICAL TERM
Topical term or geographic name entry element Christmas
Form subdivision Fiction.
650 #1 - SUBJECT ADDED ENTRY--TOPICAL TERM
Topical term or geographic name entry element Behavior
Form subdivision Fiction.
906 ## - LOCAL DATA ELEMENT F, LDF (RLIN)
a 7
b cbc
c orignew
d 1
e ecip
f 20
g y-gencatlg
942 ## - ADDED ENTRY ELEMENTS (KOHA)
Source of classification or shelving scheme Dewey Decimal Classification
Koha item type Books
Suppress in OPAC No
999 ## -
-- 2927
-- 2927
Holdings
Withdrawn status Lost status Source of classification or shelving scheme Damaged status Not for loan Collection Home library Current library Shelving location Date acquired Total Checkouts Full call number Barcode Date last seen Date last checked out Price effective from Koha item type
    Dewey Decimal Classification     Juvenile Fiction Footprints International School Library Network Toul Kork Campus Footprints International School Library Network Toul Tom Poung Campus   01/23/2024 1 SCO 823.92 PZ7.S4334 FISBK05375 06/17/2025 03/19/2024 01/23/2024 Books